[Event "zonal 2.3 (w)"]
[Site "La Ceja COL"]
[Date "2011.10.11"]
[Round "1"]
[White "Castrillon Gomez, Melissa"]
[Black "Linares Napoles, Oleiny"]
[Result "1-0"]
[WhiteElo "2105"]
[BlackElo "2349"]
[EventDate "2011.10.11"]
[Board "1"]
[PlyCount "123"]
[EventRounds "9"]
[EventCountry "COL"]

1.e4 d6 2.d4 Nf6 3.Nc3 g6 4.Be3 c6 5.Qd2 Nbd7 6.Nf3 Qc7 7.h3 Bg7 8.Bd3 O-O
9.O-O b5 10.a4 b4 11.Ne2 c5 12.b3 cxd4 13.Nexd4 Qb7 14.Bh6 Nc5 15.Bxg7 
Kxg7 16.e5 dxe5 17.Nxe5 Qd5 18.Ndf3 Nxd3 19.Qxd3 Bb7 20.Qxd5 Nxd5 21.a5 a6
22.Rfd1 Rad8 23.Rd4 Rc8 24.Ne1 f6 25.N5d3 e5 26.Rc4 Rxc4 27.bxc4 Nc3 28.
Nc5 Rb8 29.Nd7 Rd8 30.Nc5 Bc8 31.Ned3 Rd4 32.Nxb4 Rxc4 33.Ncxa6 e4 34.Ra3 
f5 35.Rb3 Ne2+ 36.Kf1 Nd4 37.Rb2 Bxa6 38.Nxa6 Ra4 39.Ke1 Rxa5 40.Nb8 Rd5 
41.c3 Ne6 42.Rb7+ Kh6 43.Nd7 Kg5 44.g3 f4 45.h4+ Kf5 46.g4+ Kxg4 47.Nf6+ 
Kxh4 48.Nxd5 h5 49.Rb6 Nc5 50.Rxg6 e3 51.fxe3 fxe3 52.Nxe3 Nd3+ 53.Kd2 Ne5
54.Nf5+ Kh3 55.Rg8 h4 56.Ke3 Ng4+ 57.Rxg4 Kxg4 58.Nxh4 Kxh4 59.Kf4 Kh5 60.
Kf5 Kh6 61.Kf6 Kh7 62.c4 1-0

[Event "zonal 2.3 (w)"]
[Site "La Ceja COL"]
[Date "2011.10.11"]
[Round "1"]
[White "Marrero Lopez, Yaniet"]
[Black "Heredia Serrano, Carla"]
[Result "0-1"]
[WhiteElo "2291"]
[BlackElo "2090"]
[EventDate "2011.10.11"]
[Board "2"]
[PlyCount "100"]
[EventRounds "9"]
[EventCountry "COL"]

1.e4 c6 2.d4 d5 3.e5 c5 4.Nf3 Nc6 5.Bb5 e6 6.O-O Bd7 7.c3 Nxe5 8.Nxe5 Bxb5
9.Re1 Nf6 10.Bg5 cxd4 11.Qb3 Bc6 12.Bxf6 gxf6 13.Nxc6 bxc6 14.cxd4 Qb6 15.
Qa4 Bd6 16.Nc3 O-O 17.Qd1 Kh8 18.Na4 Qc7 19.Qh5 Rg8 20.Re3 Rg5 21.Qh6 Rg6 
22.Qh5 Rag8 23.g3 f5 24.Rc3 Qa5 25.b3 f4 26.Rd1 Qb5 27.Kh1 Rf6 28.Kg2 Rf5 
29.Qh3 Qe2 30.Rf1 Rh5 31.Re1 Qxe1 32.Qxh5 fxg3 33.hxg3 Qe4+ 34.Rf3 f5 35.
Qf7 Rf8 36.Qd7 Bb4 37.Qb7 a5 38.Qxc6 f4 39.Nc5 Bxc5 40.Qxc5 Rg8 41.Qc3 
fxg3 42.fxg3 Rf8 43.Qe3 Qxe3 44.Rxe3 Re8 45.Kf3 Kg7 46.Kf4 Kf6 47.Rc3 Ra8 
48.g4 h6 49.Rh3 Kg6 50.Ke5 Ra6 $2 0-1

[Event "zonal 2.3 (w)"]
[Site "La Ceja COL"]
[Date "2011.10.11"]
[Round "1"]
[White "Mencos Castillo, Claudia"]
[Black "Salazar Cardona, Aura Cristina"]
[Result "0-1"]
[WhiteElo "2048"]
[BlackElo "2210"]
[EventDate "2011.10.11"]
[Board "3"]
[PlyCount "68"]
[EventRounds "9"]
[EventCountry "COL"]

1.e4 c5 2.Nf3 d6 3.d4 cxd4 4.Nxd4 Nf6 5.Nc3 g6 6.Be2 Bg7 7.O-O O-O 8.Bg5 
Nc6 9.Nb3 Be6 10.Re1 h6 11.Bh4 a6 12.a4 Rc8 13.Bf1 Nb4 14.a5 Bxb3 15.cxb3 
Nc6 16.b4 g5 17.Bg3 Nxb4 18.Qb3 Nc6 19.Qxb7 Nd7 20.Bxa6 Rc7 21.Qb3 Nc5 22.
Qc4 Nd4 23.Nd5 Ra7 24.Bb5 Qb8 25.Nb6 Ndb3 26.Na4 Nxa1 27.Nxc5 Nc2 28.Rc1 
Nd4 29.Nd7 Qxb5 30.Nxf8 Qxb2 31.Rd1 Ne2+ 32.Kf1 Nxg3+ 33.hxg3 Bxf8 34.Qd3 
Rxa5 0-1

[Event "zonal 2.3 (w)"]
[Site "La Ceja COL"]
[Date "2011.10.11"]
[Round "1"]
[White "Salazar Loor, Sara"]
[Black "Orozco Lopez, Lina Yomayra"]
[Result "0-1"]
[WhiteElo "1998"]
[BlackElo "2161"]
[EventDate "2011.10.11"]
[Board "5"]
[PlyCount "84"]
[EventRounds "9"]
[EventCountry "COL"]

1.e4 c5 2.Nf3 d6 3.d4 cxd4 4.Nxd4 Nf6 5.Nc3 a6 6.Be2 e5 7.Nb3 Be6 8.Be3 
Nbd7 9.f3 h5 10.Qd2 Qc7 11.O-O b6 12.Nd5 Bxd5 13.exd5 g6 14.c4 Bg7 15.Rac1
O-O 16.Rfd1 Kh7 17.Na1 Ng8 18.b4 Bh6 19.Nb3 a5 20.a3 axb4 21.axb4 Ra3 22.
Bxh6 Nxh6 23.Qc3 Rfa8 24.Rb1 Nf5 25.g4 hxg4 26.fxg4 Ne7 27.Rdc1 Ra2 28.Rb2
Kg7 29.Bf3 R2a3 30.Rcc2 Rc8 31.Qd2 Qa7 32.Kg2 Qa4 33.Bd1 Qa8 34.Bf3 Qa4 
35.Bd1 Qa7 36.Bf3 f5 37.Rc3 Nf6 38.g5 Nd7 39.Bd1 Rh8 40.Be2 Qa8 41.Nc1 Qa4
42.Rxa3 Qxa3 0-1

[Event "zonal 2.3 (w)"]
[Site "La Ceja COL"]
[Date "2011.10.11"]
[Round "1"]
[White "Mateus, Martha"]
[Black "Duran Juarez, Citlali"]
[Result "1/2-1/2"]
[WhiteElo "2155"]
[BlackElo "1963"]
[EventDate "2011.10.11"]
[Board "6"]
[PlyCount "98"]
[EventRounds "9"]
[EventCountry "COL"]

1.e4 e6 2.d3 c5 3.Nf3 d5 4.Nbd2 Nc6 5.g3 Nf6 6.Bg2 Be7 7.O-O O-O 8.e5 Nd7 
9.Re1 b5 10.Nf1 a5 11.h4 b4 12.N1h2 Ba6 13.Bf4 Nd4 14.Nxd4 cxd4 15.h5 h6 
16.Qg4 Kh8 17.Nf3 Qb6 18.Bd2 Rfc8 19.Rac1 Bc5 20.Bh3 Qc7 21.Bf4 Nb6 22.Nh4
Rd8 23.b3 a4 24.Kh2 Nc8 25.Qf3 Be7 26.Rg1 Na7 27.Qg4 Nb5 28.Nf3 a3 29.Bd2 
Qb6 30.Nh4 Rac8 31.f4 Bxh4 32.gxh4 Rg8 33.f5 exf5 34.Qxf5 Nc3 35.Bxc3 Rxc3
36.Qxf7 Bc8 37.Bxc8 Rcxc8 38.Qxd5 Rc5 39.Qe4 Qc7 40.Rce1 Re8 41.Qxd4 Rcxe5
42.Rxe5 Rxe5 43.Kh3 Qc8+ 44.Rg4 Qe8 45.Re4 Qc8+ 46.Rg4 Qe8 47.Kg3 Re3+ 48.
Kf2 Re7 49.Rg6 Rf7+ 1/2-1/2

[Event "zonal 2.3 (w)"]
[Site "La Ceja COL"]
[Date "2011.10.11"]
[Round "1"]
[White "Sotomayor Villatoro, Silvia"]
[Black "Romero Echeverria, Abigail"]
[Result "0-1"]
[WhiteElo "1912"]
[BlackElo "2134"]
[EventDate "2011.10.11"]
[Board "7"]
[PlyCount "138"]
[EventRounds "9"]
[EventCountry "COL"]

1.d4 Nf6 2.Nf3 g6 3.g3 Bg7 4.Bg2 O-O 5.O-O d5 6.c4 Nc6 7.Ne5 Nxe5 8.dxe5 
Ng4 9.cxd5 Nxe5 10.Qb3 Nd7 11.Nc3 Nb6 12.Rd1 a5 13.a4 e6 14.Be3 exd5 15.
Nxd5 Nxd5 16.Bxd5 Qf6 17.Bd4 Qe7 18.Bxg7 Kxg7 19.Rd2 c6 20.Bg2 Be6 21.Qc3+
Qf6 22.Qc2 h5 23.Rd6 Rfd8 24.Rd2 Rxd2 25.Qxd2 Rd8 26.Qc2 Qd4 27.Be4 h4 28.
Rc1 hxg3 29.hxg3 Qb4 30.Qc3+ Rd4 31.Bc2 Kg8 32.Kf1 Bh3+ 33.Ke1 Rc4 34.Qxb4
Rxb4 35.b3 Be6 36.Rb1 Kf8 37.Kd2 Ke7 38.Kc3 Kf6 39.Rd1 Rg4 40.Rd4 Rg5 41.
Bd3 Rc5+ 42.Kb2 Ke5 43.Re4+ Kd6 44.Rd4+ Rd5 45.Rxd5+ Bxd5 46.Kc3 Kc5 47.e4
Be6 48.f4 Bg4 49.Bc4 f6 50.Bd3 b5 51.Bc2 Bh3 52.e5 fxe5 53.Bxg6 exf4 54.
gxf4 b4+ 55.Kd3 Be6 56.Kc2 Bd5 57.Bd3 Kd4 58.Bh7 Be4+ 59.Bxe4 Kxe4 60.f5 
Kxf5 61.Kd3 Ke5 62.Kc4 Kd6 63.Kd4 c5+ 64.Ke4 Ke6 65.Ke3 Ke5 66.Kd3 Kd5 67.
Kc2 Ke4 68.Kd2 Kd4 69.Kc2 Ke3 0-1

[Event "zonal 2.3 (w)"]
[Site "La Ceja COL"]
[Date "2011.10.11"]
[Round "2"]
[White "Salazar Cardona, Aura Cristina"]
[Black "Romero Echeverria, Abigail"]
[Result "1-0"]
[WhiteElo "2210"]
[BlackElo "2134"]
[EventDate "2011.10.11"]
[Board "1"]
[PlyCount "91"]
[EventRounds "9"]
[EventCountry "COL"]

1.e4 c5 2.Nf3 e6 3.d4 cxd4 4.Nxd4 a6 5.Nc3 Qc7 6.Bd3 Nf6 7.O-O Bc5 8.Nb3 
Be7 9.Qe2 d6 10.f4 Nbd7 11.Bd2 b5 12.Rae1 e5 13.f5 Bb7 14.a3 O-O 15.g4 d5 
16.g5 Nxe4 17.Nxe4 dxe4 18.Bxe4 Bxe4 19.Qxe4 Bd6 20.f6 g6 21.Bb4 Bxb4 22.
axb4 Rfc8 23.Rf2 Qc4 24.Rd2 Qxe4 25.Rxe4 Nb6 26.Na5 h6 27.h4 Re8 28.Rd6 
Na4 29.b3 Nc3 30.Re3 Na2 31.Nc6 h5 32.Rd1 Re6 33.Ne7+ Kf8 34.c3 a5 35.bxa5
b4 36.Red3 Ke8 37.Nd5 Rc6 38.cxb4 Nc1 39.b5 Rc2 40.Re3 Kf8 41.Nb4 Rc5 42.
Nc6 e4 43.b4 Rc4 44.Ne5 Rxb4 45.Rd7 Kg8 46.Rxf7 1-0

[Event "zonal 2.3 (w)"]
[Site "La Ceja COL"]
[Date "2011.10.11"]
[Round "2"]
[White "Heredia Serrano, Carla"]
[Black "Franco Valencia, Beatriz Irene"]
[Result "1/2-1/2"]
[WhiteElo "2090"]
[BlackElo "2176"]
[EventDate "2011.10.11"]
[Board "2"]
[PlyCount "48"]
[EventRounds "9"]
[EventCountry "COL"]

1.e4 e6 2.b3 d5 3.Bb2 dxe4 4.Nc3 Nf6 5.g4 Bc5 6.Qe2 Nc6 7.Nxe4 Nd4 8.Bxd4 
Qxd4 9.Nxf6+ Qxf6 10.c3 O-O 11.d4 Bd6 12.Nf3 c5 13.Qe4 cxd4 14.Nxd4 Rd8 
15.Rd1 Bc5 16.Bc4 Bd7 17.O-O g6 18.Rd3 Bxd4 19.Qxd4 Qe7 20.Qe3 Bc6 21.Rfd1
Rxd3 22.Bxd3 Qh4 23.Be2 Qf6 24.f3 a6 1/2-1/2

[Event "zonal 2.3 (w)"]
[Site "La Ceja COL"]
[Date "2011.10.11"]
[Round "2"]
[White "Orozco Lopez, Lina Yomayra"]
[Black "Castrillon Gomez, Melissa"]
[Result "0-1"]
[WhiteElo "2161"]
[BlackElo "2105"]
[EventDate "2011.10.11"]
[Board "3"]
[PlyCount "56"]
[EventRounds "9"]
[EventCountry "COL"]

1.e4 g6 2.g3 Bg7 3.d4 c5 4.Ne2 Nc6 5.Be3 Nf6 6.Nbc3 Ng4 7.Bg2 cxd4 8.Bxd4 
Nxd4 9.Nxd4 Qb6 10.Nd5 Qxd4 11.Qxg4 Qxb2 12.O-O Qe5 13.f4 Qd4+ 14.Kh1 Qc5 
15.Qg5 b6 16.Rab1 Ba6 17.Rfd1 f6 18.Qg4 e6 19.Nb4 Bb5 20.f5 Kf7 21.fxg6+ 
hxg6 22.e5 f5 23.Qg5 Rxh2+ 24.Kxh2 Rh8+ 25.Qh4 Rxh4+ 26.gxh4 Bxe5+ 27.Kh1 
Qf2 28.Rb3 a5 0-1

[Event "zonal 2.3 (w)"]
[Site "La Ceja COL"]
[Date "2011.10.11"]
[Round "2"]
[White "Linares Napoles, Oleiny"]
[Black "Mateus, Martha"]
[Result "1-0"]
[WhiteElo "2349"]
[BlackElo "2155"]
[EventDate "2011.10.11"]
[Board "4"]
[PlyCount "83"]
[EventRounds "9"]
[EventCountry "COL"]

1.Nf3 Nf6 2.c4 c5 3.b3 Nc6 4.Bb2 e6 5.g3 d5 6.Bg2 b6 7.O-O Bb7 8.e3 Qc7 9.
Nc3 Rd8 10.Qe2 Be7 11.cxd5 exd5 12.d4 O-O 13.Rac1 Rfe8 14.Rfd1 cxd4 15.Nb5
Qd7 16.Nbxd4 Nxd4 17.Nxd4 a6 18.Qf1 g6 19.Bh3 Qd6 20.Rc2 Ne4 21.Rdc1 Ng5 
22.Bg2 Rc8 23.Qd3 Rxc2 24.Rxc2 Ne4 25.Nc6 Bxc6 26.Bxe4 dxe4 27.Qxd6 Bxd6 
28.Rxc6 Bc5 29.Bf6 h5 30.Kf1 Kf8 31.Ke2 Rb8 32.Rc7 Ke8 33.h3 a5 34.g4 hxg4
35.hxg4 Ra8 36.Bd4 Bxd4 37.exd4 b5 38.Ke3 b4 39.Kxe4 f6 40.f3 Kd8 41.Rg7 
g5 42.Rg8+ 1-0

[Event "zonal 2.3 (w)"]
[Site "La Ceja COL"]
[Date "2011.10.11"]
[Round "2"]
[White "Duran Juarez, Citlali"]
[Black "Marrero Lopez, Yaniet"]
[Result "0-1"]
[WhiteElo "1963"]
[BlackElo "2291"]
[EventDate "2011.10.11"]
[Board "5"]
[PlyCount "54"]
[EventRounds "9"]
[EventCountry "COL"]

1.e4 e5 2.Nf3 Nc6 3.d4 exd4 4.Nxd4 Nf6 5.Nxc6 bxc6 6.e5 Qe7 7.Qe2 Nd5 8.c4
Nb6 9.Nc3 Bb7 10.Bd2 g6 11.O-O-O Bg7 12.f4 O-O 13.h4 Ba6 14.b3 Qa3+ 15.Kc2
d5 16.exd6 Nd5 17.Ra1 cxd6 18.Qf3 Nb4+ 19.Kd1 Qb2 20.Rc1 Nxa2 21.Nxa2 Qxa2
22.h5 Rab8 23.Rh3 Bc8 24.g4 gxh5 25.Rxh5 Qxb3+ 26.Qxb3 Rxb3 27.Be2 Re8 0-1

[Event "zonal 2.3 (w)"]
[Site "La Ceja COL"]
[Date "2011.10.11"]
[Round "2"]
[White "Salazar Loor, Sara"]
[Black "Mencos Castillo, Claudia"]
[Result "1/2-1/2"]
[WhiteElo "1998"]
[BlackElo "2048"]
[EventDate "2011.10.11"]
[Board "6"]
[PlyCount "53"]
[EventRounds "9"]
[EventCountry "COL"]

1.e4 c5 2.Nf3 e6 3.d4 cxd4 4.Nxd4 a6 5.Nc3 Qc7 6.Bd3 Nf6 7.Qe2 d6 8.O-O 
Be7 9.Be3 Nbd7 10.Kh1 b5 11.a4 b4 12.Na2 d5 13.exd5 Nxd5 14.Bd2 N7f6 15.c4
bxc3 16.Nxc3 O-O 17.Rac1 Nf4 18.Bxf4 Qxf4 19.Ne4 Re8 20.Nc6 Bf8 21.b4 Bb7 
22.b5 axb5 23.Nxf6+ Qxf6 24.axb5 g6 25.Qe3 Rac8 26.Rfd1 Red8 27.Qb6 
1/2-1/2

[Event "zonal 2.3 (w)"]
[Site "La Ceja COL"]
[Date "2011.10.11"]
[Round "2"]
[White "Mendoza Velazquez, Lorena Alejandra"]
[Black "Sotomayor Villatoro, Silvia"]
[Result "1/2-1/2"]
[WhiteElo "2024"]
[BlackElo "1912"]
[EventDate "2011.10.11"]
[Board "7"]
[PlyCount "41"]
[EventRounds "9"]
[EventCountry "COL"]

1.d4 Nf6 2.c4 g6 3.Nc3 Bg7 4.e4 d6 5.Nf3 O-O 6.h3 Nbd7 7.Be2 e5 8.d5 a5 9.
Bg5 h6 10.Be3 Kh7 11.g4 Ne8 12.Nd2 Nc5 13.a3 f5 14.f3 fxe4 15.Ndxe4 Nxe4 
16.Nxe4 Nf6 17.Qc2 Nxe4 18.Qxe4 Bf6 19.O-O Bg5 20.f4 exf4 21.Bd4 1/2-1/2

[Event "zonal 2.3 (w)"]
[Site "La Ceja COL"]
[Date "2011.10.12"]
[Round "3"]
[White "Castrillon Gomez, Melissa"]
[Black "Salazar Cardona, Aura Cristina"]
[Result "1/2-1/2"]
[WhiteElo "2105"]
[BlackElo "2210"]
[EventDate "2011.10.11"]
[Board "1"]
[PlyCount "32"]
[EventRounds "9"]
[EventCountry "COL"]

1.e4 c5 2.Nf3 d6 3.d4 cxd4 4.Nxd4 Nf6 5.Nc3 g6 6.Be3 Bg7 7.f3 O-O 8.Qd2 
Nc6 9.O-O-O d5 10.Nxc6 bxc6 11.exd5 Nxd5 12.Nxd5 cxd5 13.Qxd5 Qc7 14.Qc5 
Qb7 15.Qb5 Qc7 16.Qc4 Qb7 1/2-1/2

[Event "zonal 2.3 (w)"]
[Site "La Ceja COL"]
[Date "2011.10.12"]
[Round "3"]
[White "Franco Valencia, Beatriz Irene"]
[Black "Orozco Lopez, Lina Yomayra"]
[Result "1-0"]
[WhiteElo "2176"]
[BlackElo "2161"]
[EventDate "2011.10.11"]
[Board "2"]
[PlyCount "67"]
[EventRounds "9"]
[EventCountry "COL"]

1.d4 Nf6 2.c4 c5 3.d5 b5 4.Nf3 d6 5.cxb5 a6 6.Nc3 g6 7.e4 Nbd7 8.a4 Bg7 9.
Qc2 O-O 10.Ra3 e6 11.dxe6 fxe6 12.e5 Nd5 13.exd6 Nb4 14.Qd1 Bb7 15.Be2 Ne5
16.bxa6 Bxf3 17.gxf3 c4 18.Ne4 Rxa6 19.Bg5 Qc8 20.O-O Qc6 21.Be7 Rb8 22.b3
c3 23.Nxc3 Qxc3 24.d7 Raa8 25.d8=Q+ Rxd8 26.Bxd8 Nbc6 27.Bg5 Nd4 28.Be3 
Rd8 29.Kg2 Bf6 30.Bxd4 Rxd4 31.Qc1 Qb4 32.a5 Rd2 33.a6 Rd8 34.Rd1 1-0

[Event "zonal 2.3 (w)"]
[Site "La Ceja COL"]
[Date "2011.10.12"]
[Round "3"]
[White "Romero Echeverria, Abigail"]
[Black "Heredia Serrano, Carla"]
[Result "1/2-1/2"]
[WhiteElo "2134"]
[BlackElo "2090"]
[EventDate "2011.10.11"]
[Board "3"]
[PlyCount "23"]
[EventRounds "9"]
[EventCountry "COL"]

1.e4 c5 2.d4 d5 3.Nc3 dxe4 4.Nxe4 Bf5 5.Ng3 Bg6 6.h4 h6 7.Nf3 Nd7 8.h5 Bh7
9.Bd3 Bxd3 10.Qxd3 e6 11.Bf4 Qa5+ 12.Bd2 1/2-1/2

[Event "zonal 2.3 (w)"]
[Site "La Ceja COL"]
[Date "2011.10.12"]
[Round "3"]
[White "Marrero Lopez, Yaniet"]
[Black "Linares Napoles, Oleiny"]
[Result "1/2-1/2"]
[WhiteElo "2291"]
[BlackElo "2349"]
[EventDate "2011.10.11"]
[Board "4"]
[PlyCount "61"]
[EventRounds "9"]
[EventCountry "COL"]

1.e4 d6 2.d4 Nf6 3.Nc3 g6 4.Be3 c6 5.h3 Nbd7 6.Nf3 Qc7 7.Qd2 b5 8.Bd3 Bb7 
9.O-O Bg7 10.Bh6 O-O 11.Rfe1 e5 12.dxe5 dxe5 13.Ne2 Rfe8 14.Bxg7 Kxg7 15.
Ng3 h6 16.c4 Rad8 17.Qc3 Nc5 18.Bf1 Qb6 19.b4 Na4 20.Qc2 a6 21.c5 Qc7 22.
Bc4 Nxc5 23.Bxf7 Qxf7 24.Qxc5 Qe7 25.Qc3 Nd7 26.a4 Nb6 27.a5 Nc4 28.Nf1 c5
29.N3d2 Rc8 30.Rac1 Qd7 31.Qa1 1/2-1/2

[Event "zonal 2.3 (w)"]
[Site "La Ceja COL"]
[Date "2011.10.12"]
[Round "3"]
[White "Mateus, Martha"]
[Black "Mendoza Velazquez, Lorena Alejandra"]
[Result "0-1"]
[WhiteElo "2155"]
[BlackElo "2024"]
[EventDate "2011.10.11"]
[Board "5"]
[PlyCount "62"]
[EventRounds "9"]
[EventCountry "COL"]

1.e4 c5 2.c3 Nf6 3.e5 Nd5 4.d4 cxd4 5.Qxd4 e6 6.Nf3 Nc6 7.Qe4 f5 8.exf6 
Nxf6 9.Qh4 d5 10.Be2 Qc7 11.O-O Be7 12.Na3 Bxa3 13.bxa3 e5 14.Re1 O-O 15.
c4 e4 16.Bf4 Qa5 17.Nd2 d4 18.Nb3 Qf5 19.Bg5 Be6 20.Nd2 d3 21.Bxf6 Qxf6 
22.Qxf6 gxf6 23.Bf1 f5 24.Rab1 Nd4 25.Rxb7 Nc2 26.Reb1 Nxa3 27.R1b4 Rfc8 
28.g4 Nxc4 29.gxf5 Nxd2 30.fxe6 Nxf1 31.Kxf1 d2 0-1

[Event "zonal 2.3 (w)"]
[Site "La Ceja COL"]
[Date "2011.10.12"]
[Round "3"]
[White "Mencos Castillo, Claudia"]
[Black "Duran Juarez, Citlali"]
[Result "1-0"]
[WhiteElo "2048"]
[BlackElo "1963"]
[EventDate "2011.10.11"]
[Board "6"]
[PlyCount "67"]
[EventRounds "9"]
[EventCountry "COL"]

1.e4 e6 2.d4 d5 3.Nd2 Nf6 4.e5 Nfd7 5.Bd3 c5 6.c3 Nc6 7.Ne2 cxd4 8.cxd4 f6
9.exf6 Nxf6 10.Nf3 Bd6 11.O-O Qe7 12.Bg5 O-O 13.Rc1 a6 14.a3 Bd7 15.Bh4 
Rad8 16.Bg3 Bxg3 17.Nxg3 Qd6 18.b4 e5 19.dxe5 Nxe5 20.Nxe5 Qxe5 21.Rc5 
Rfe8 22.Qa1 Qd6 23.Qd4 Kh8 24.Rcc1 Qe6 25.Qa7 Bc6 26.Qb6 Nd7 27.Qd4 Nf6 
28.Qb6 Nd7 29.Qd4 Nf6 30.Qb6 Kg8 31.Qd4 Kh8 32.Qh4 Kg8 33.Ra1 g6 34.f4 1-0

[Event "zonal 2.3 (w)"]
[Site "La Ceja COL"]
[Date "2011.10.12"]
[Round "3"]
[White "Sotomayor Villatoro, Silvia"]
[Black "Salazar Loor, Sara"]
[Result "1/2-1/2"]
[WhiteElo "1912"]
[BlackElo "1998"]
[EventDate "2011.10.11"]
[Board "7"]
[PlyCount "54"]
[EventRounds "9"]
[EventCountry "COL"]

1.d4 Nf6 2.Nf3 g6 3.g3 d6 4.Bg2 Bg7 5.O-O O-O 6.c4 Nbd7 7.Nc3 c5 8.e3 a6 
9.a4 Rb8 10.Ne1 e5 11.f4 Qe7 12.Nf3 h6 13.f5 g5 14.Qc2 Re8 15.d5 Nb6 16.b3
Na8 17.e4 Nc7 18.a5 Bd7 19.Bd2 b6 20.axb6 Rxb6 21.Na4 Bxa4 22.Rxa4 Reb8 
23.Ra3 Nfe8 24.Ba5 R6b7 25.Nd2 Bf6 26.Bf3 Na8 27.Rfa1 Nac7 1/2-1/2

[Event "zonal 2.3 (w)"]
[Site "La Ceja COL"]
[Date "2011.10.13"]
[Round "4"]
[White "Salazar Cardona, Aura Cristina"]
[Black "Franco Valencia, Beatriz Irene"]
[Result "0-1"]
[WhiteElo "2210"]
[BlackElo "2176"]
[EventDate "2011.10.11"]
[Board "1"]
[PlyCount "108"]
[EventRounds "9"]
[EventCountry "COL"]

1.c4 Nf6 2.Nc3 d5 3.cxd5 Nxd5 4.e4 Nxc3 5.bxc3 e5 6.Nf3 Bd6 7.d4 Nd7 8.Bc4
O-O 9.O-O h6 10.Bb3 Qe7 11.Re1 Rd8 12.Qc2 Rb8 13.a4 a5 14.Nd2 Nb6 15.Nf1 
c5 16.dxe5 Bxe5 17.Be3 Qc7 18.Rab1 c4 19.Bxb6 Qxb6 20.Bxc4 Qf6 21.Bd5 Be6 
22.Bxe6 fxe6 23.Re3 Rdc8 24.Rb3 Qe7 25.Rb5 Bc7 26.e5 Rd8 27.Ng3 Rd7 28.Nh5
Rbd8 29.h3 Qf7 30.Qe2 Rd1+ 31.Kh2 R8d2 32.Qg4 Rd5 33.Nf4 Rxb5 34.axb5 Rd2 
35.Nxe6 Rxf2 36.Nxc7 Qxc7 37.Qe6+ Kh7 38.Rg3 Re2 39.Qg6+ Kh8 40.e6 Qe7 41.
Qf7 Rxe6 42.Qf3 Rf6 43.Qg4 b6 44.Qd4 Qc7 45.Qe3 Kh7 46.Qd3+ Kh8 47.Qe3 Kh7
48.Qe4+ Kh8 49.Qe3 Kh7 50.Qe4+ Kh8 51.Qe8+ Kh7 52.Qe4+ Kh8 53.Qd5 Rg6 54.
Qa8+ Kh7 0-1

[Event "zonal 2.3 (w)"]
[Site "La Ceja COL"]
[Date "2011.10.13"]
[Round "4"]
[White "Heredia Serrano, Carla"]
[Black "Castrillon Gomez, Melissa"]
[Result "0-1"]
[WhiteElo "2090"]
[BlackElo "2105"]
[EventDate "2011.10.11"]
[Board "2"]
[PlyCount "104"]
[EventRounds "9"]
[EventCountry "COL"]

1.e4 c5 2.Nf3 d6 3.d4 Nf6 4.Nc3 cxd4 5.Qxd4 a6 6.e5 Nc6 7.Qa4 dxe5 8.Nxe5 
Bd7 9.Nxd7 Nxd7 10.Be3 e6 11.Rd1 Be7 12.Qg4 Bf6 13.Ne4 Bxb2 14.Nd6+ Kf8 
15.Bc4 Nf6 16.Qe2 Bc3+ 17.Kf1 Qe7 18.Bc5 Bb4 19.Nxf7 Bxc5 20.Nxh8 Kg8 21.
Ng6 hxg6 22.Qxe6+ Qxe6 23.Bxe6+ Kf8 24.f3 Nd4 25.Bb3 Re8 26.Re1 Rc8 27.c3 
Nb5 28.g3 Nxc3 29.Kg2 Rd8 30.Rc1 Rd2+ 31.Kh3 Bd4 32.Rhe1 g5 33.Rc2 Rxc2 
34.Bxc2 Nxa2 35.Rd1 Bc5 36.Be4 Nxe4 37.fxe4 Nc3 38.Rd7 a5 39.Rxb7 a4 40.
Rc7 Nxe4 41.Kg4 a3 42.Kf5 a2 43.Ke6 Kg8 44.Rc8+ Kh7 45.Ra8 Nc3 46.Ke5 Be3 
47.h4 gxh4 48.gxh4 Bc1 49.Kd4 Bb2 50.Kd3 a1=Q 51.Rxa1 Bxa1 52.Kc2 Kh6 0-1

[Event "zonal 2.3 (w)"]
[Site "La Ceja COL"]
[Date "2011.10.13"]
[Round "4"]
[White "Linares Napoles, Oleiny"]
[Black "Mencos Castillo, Claudia"]
[Result "1-0"]
[WhiteElo "2349"]
[BlackElo "2048"]
[EventDate "2011.10.11"]
[Board "3"]
[PlyCount "68"]
[EventRounds "9"]
[EventCountry "COL"]

1.Nf3 d5 2.c4 c6 3.g3 Nf6 4.Bg2 Bf5 5.O-O e6 6.cxd5 exd5 7.d3 Be7 8.Nc3 
O-O 9.Nd4 Bg4 10.h3 Be6 11.e4 Nbd7 12.Nf5 Bb4 13.g4 dxe4 14.dxe4 Ne5 15.g5
Qxd1 16.Rxd1 Nh5 17.a3 Ba5 18.Ne7+ Kh8 19.Ne2 Bc8 20.b4 Bd8 21.Nf4 Nxf4 
22.Bxf4 Bxe7 23.Bxe5 Be6 24.f4 Bd8 25.f5 Bb6+ 26.Kh1 Bc8 27.Rd3 a5 28.bxa5
Bxa5 29.Rad1 f6 30.Bb2 Bc7 31.Bf1 Ra5 32.Bg2 g6 33.fxg6 hxg6 34.Rf1 Bd8 
1-0

[Event "zonal 2.3 (w)"]
[Site "La Ceja COL"]
[Date "2011.10.13"]
[Round "4"]
[White "Romero Echeverria, Abigail"]
[Black "Marrero Lopez, Yaniet"]
[Result "1/2-1/2"]
[WhiteElo "2134"]
[BlackElo "2291"]
[EventDate "2011.10.11"]
[Board "4"]
[PlyCount "103"]
[EventRounds "9"]
[EventCountry "COL"]

1.e4 e5 2.Nf3 Nc6 3.d4 exd4 4.Nxd4 Qf6 5.c3 Bc5 6.Be3 Nge7 7.Bc4 O-O 8.O-O
b6 9.b4 Bxd4 10.cxd4 Nxb4 11.Nc3 Bb7 12.a3 Nbc6 13.Nb5 Na5 14.Bd3 Rfc8 15.
Rc1 Bc6 16.d5 Bxb5 17.Bxb5 c6 18.Ba6 Re8 19.Bd2 cxd5 20.exd5 Nxd5 21.Bxa5 
bxa5 22.Bb7 Nc3 23.Rxc3 Qxc3 24.Bxa8 Rxa8 25.Qxd7 Qxa3 26.Qb7 Rd8 27.Qxa7 
a4 28.Qa5 Rb8 29.Rd1 h6 30.h3 Qb3 31.Rd4 a3 32.Ra4 Qd1+ 33.Kh2 Qd6+ 34.g3 
Rb2 35.Qa8+ Kh7 36.Qe4+ g6 37.Qf3 Kg7 38.Ra7 Qf6 39.Qxf6+ Kxf6 40.Ra6+ Ke7
41.Kg1 Rb7 42.Ra5 Ke6 43.Kh1 h5 44.Kg1 Rd7 45.Kh1 Rb7 46.Kg1 Rb3 47.Kh1 f5
48.Kg1 Rd3 49.Kg2 h4 50.g4 fxg4 51.Ra4 g3 52.f3 1/2-1/2

[Event "zonal 2.3 (w)"]
[Site "La Ceja COL"]
[Date "2011.10.13"]
[Round "4"]
[White "Mendoza Velazquez, Lorena Alejandra"]
[Black "Salazar Loor, Sara"]
[Result "0-1"]
[WhiteElo "2024"]
[BlackElo "1998"]
[EventDate "2011.10.11"]
[Board "5"]
[PlyCount "83"]
[EventRounds "9"]
[EventCountry "COL"]

1.d4 Nf6 2.c4 g6 3.Nc3 Bg7 4.Nf3 O-O 5.g3 d6 6.Bg2 Nbd7 7.O-O e5 8.h3 Re8 
9.e3 c6 10.Qc2 Qc7 11.b3 a6 12.Bb2 Nf8 13.Rac1 Ne6 14.d5 Nc5 15.e4 cxd5 
16.cxd5 Bh6 17.Nd2 Bd7 18.f4 Nh5 19.Ne2 Bb5 20.Nc4 Bxc4 21.bxc4 exf4 22.
gxf4 Qe7 23.e5 dxe5 24.fxe5 Bg7 25.d6 Qd7 26.Bd5 Qxh3 27.Rxf7 Kh8 28.Bg2 
Qe3+ 29.Rf2 Bxe5 30.Bxe5+ Rxe5 31.d7 Nd3 32.Rf1 Nxf2 33.Rxf2 Rd8 34.Qd1 
Rf5 35.Qd4+ Qxd4 36.Nxd4 Rxf2 37.Kxf2 Rxd7 38.Nb3 b6 39.Ke3 Kg7 40.Bh3 Rd6
41.a4 Kf6 42.Ke4 0-1

[Event "zonal 2.3 (w)"]
[Site "La Ceja COL"]
[Date "2011.10.13"]
[Round "4"]
[White "Orozco Lopez, Lina Yomayra"]
[Black "Mateus, Martha"]
[Result "1-0"]
[WhiteElo "2161"]
[BlackElo "2155"]
[EventDate "2011.10.11"]
[Board "6"]
[PlyCount "81"]
[EventRounds "9"]
[EventCountry "COL"]

1.e4 c5 2.Nf3 d6 3.d4 cxd4 4.Nxd4 Nf6 5.Nc3 a6 6.g3 e5 7.Nb3 h5 8.h3 Be6 
9.a4 Nbd7 10.Bg2 Nb6 11.Bg5 Rc8 12.O-O Be7 13.Nd2 Nc4 14.Nxc4 Rxc4 15.Re1 
Qc8 16.Bxf6 Bxf6 17.Qxd6 Rd4 18.Nd5 Bxd5 19.exd5 Rd2 20.c4 Rh6 21.Re3 Qd7 
22.Qb8+ Qd8 23.Qxb7 a5 24.b4 Rb2 25.Qb5+ Kf8 26.Qxa5 Qxa5 27.bxa5 Be7 28.
Rxe5 Bc5 29.Rf5 Rd6 30.Rxh5 Rf6 31.Rf1 g6 32.Rh8+ Kg7 33.Rc8 Bxf2+ 34.Kh2 
Ra6 35.c5 Rxa5 36.d6 Bxc5 37.d7 Be7 38.Re8 Rxa4 39.Rxe7 Raa2 40.Rfxf7+ Kh6
41.Rh7+ 1-0

[Event "zonal 2.3 (w)"]
[Site "La Ceja COL"]
[Date "2011.10.13"]
[Round "4"]
[White "Duran Juarez, Citlali"]
[Black "Sotomayor Villatoro, Silvia"]
[Result "1-0"]
[WhiteElo "1963"]
[BlackElo "1912"]
[EventDate "2011.10.11"]
[Board "7"]
[PlyCount "120"]
[EventRounds "9"]
[EventCountry "COL"]

1.e4 c6 2.d4 d5 3.exd5 cxd5 4.Bd3 g6 5.c3 Bg7 6.Nf3 h5 7.Bf4 Qb6 8.Qb3 
Qxb3 9.axb3 Nc6 10.Nbd2 Nh6 11.O-O Bf5 12.Bb5 O-O 13.Rfe1 e6 14.Bxc6 bxc6 
15.Ne5 Rfc8 16.b4 f6 17.Nd7 g5 18.Be3 e5 19.Nc5 Ng4 20.Ra6 Rc7 21.Ndb3 Bf8
22.h3 Nxe3 23.fxe3 Bxc5 24.Nxc5 Re8 25.Kf2 Bc8 26.Raa1 Rce7 27.Nd3 Bf5 28.
Nc5 h4 29.Ra6 exd4 30.cxd4 Rc7 31.Rea1 Ree7 32.b5 cxb5 33.Rxf6 Rf7 34.Raa6
Rxf6 35.Rxf6 Rf7 36.Rxf7 Kxf7 37.b4 Ke7 38.Kf3 Kd6 39.g4 hxg3 40.Kxg3 Kc6 
41.h4 gxh4+ 42.Kxh4 Kb6 43.Kg5 Bh3 44.Nb3 Bf1 45.Kf6 Kc6 46.Ke5 Bg2 47.Nc5
Bf1 48.e4 dxe4 49.d5+ Kc7 50.Nxe4 Bh3 51.Nc5 Bc8 52.Nb3 Bh3 53.Nd4 Bd7 54.
d6+ Kb7 55.Kf6 a6 56.Ke7 Kc8 57.Nb3 Bh3 58.Nc5 Bg4 59.Nxa6 Bh3 60.Nc5 Bg4 
1-0